00988nam a22002897a 4500999001500000001000600015003000900021005001700030008004100047020001800088020001500106040002800121082001800149245010700167250001300274260005300287300004800340490002600388500002100414650002700435650001800462700002400480700002300504700002500527942001200552952013400564 c5039d503911937BD-DhUAP20201129121310.0201129s2012 ii a 001 0 eng  a9781259027598 a1259027597 aDLCcDLCdBD-DhUAPbEng 223a615.1 BAS00aBasic & clinical pharmacology /cedited by Bertram G. Katzung, Susan B. Masters and Anthony J. Trevor. a12th ed. aNew Delhi :bTata McGraw Hill Education,cc2012. axiii, 1229 pages :billustrations ;c28 cm. aa LANGE medical book. aIncludes index.  0aClinical pharmacology. 0aPharmacology.1 aKatzung, Bertram G.1 aMasters, Susan B. 1 aTrevor, Anthony J.  2ddccBK 00102ddc4070aUAPCLbUAPCLcGeneral Stacksd2020-11-29l2m2o615.1 BASp3010011937r2026-02-15s2026-01-29t1w2020-11-29yBK